<?xml version="1.0" encoding="UTF-8"?>
<marc:record xmlns:marc="http://www.loc.gov/MARC21/slim">
   <marc:leader>00000nam a2200000 a 4500</marc:leader>
   <marc:datafield ind1="1" ind2=" " tag="100">
      <marc:subfield code="a">Röhrig, Dorothee</marc:subfield>
      <marc:subfield code="4">aut</marc:subfield>
      <marc:subfield code="e">Verfasser/-in</marc:subfield>
   </marc:datafield>
   <marc:datafield ind1="0" ind2="0" tag="245">
      <marc:subfield code="a">"Du wirst noch an mich denken"</marc:subfield>
   </marc:datafield>
   <marc:datafield ind1="0" ind2="0" tag="245">
      <marc:subfield code="b">Liebeserklärung an eine schwierige Mutter</marc:subfield>
   </marc:datafield>
   <marc:datafield ind1="0" ind2="0" tag="245">
      <marc:subfield code="c">Dorothee Röhrig</marc:subfield>
   </marc:datafield>
   <marc:datafield ind1=" " ind2="1" tag="264">
      <marc:subfield code="a">München</marc:subfield>
      <marc:subfield code="b">dtv</marc:subfield>
      <marc:subfield code="c">2024</marc:subfield>
   </marc:datafield>
   <marc:datafield ind1="1" ind2=" " tag="490">
      <marc:subfield code="a">dtv Großdruck</marc:subfield>
   </marc:datafield>
   <marc:datafield ind1=" " ind2=" " tag="250">
      <marc:subfield code="a">Ungekürzte Ausgabe</marc:subfield>
   </marc:datafield>
   <marc:datafield ind1="1" ind2=" " tag="520">
      <marc:subfield code="a">Vertraut und fremd zugleich&#xD;
Ein altes Foto ihrer Mutter bringt Dorothee Röhrig zum Nachdenken. Was weiß sie über diese Frau, die 18 war, als ihr Vater Hans von Dohnanyi hingerichtet wurde? Die Frau, die nach dem Krieg ihrer traumatisierten Mutter Christine zur Seite stand – so wie die Autorin später selbst für ihre von Verlusten gezeichnete Mutter da war. Mit emotionaler Ehrlichkeit erzählt Dorothee Röhrig vom schwierigen Verhältnis zu ihrer Mutter und der Rolle der Frauen in einer außergewöhnlichen Familie. Ein Nachdenken über die Ambivalenz der Gefühle und darüber, was es heißt, Teil einer Familie zu sein, die jedem Einzelnen viel abverlangt. </marc:subfield>
   </marc:datafield>
   <marc:datafield ind1=" " ind2=" " tag="020">
      <marc:subfield code="a">9783423254557</marc:subfield>
      <marc:subfield code="9">9783423254557</marc:subfield>
   </marc:datafield>
   <marc:datafield ind1=" " ind2=" " tag="020">
      <marc:subfield code="a">3423254556</marc:subfield>
      <marc:subfield code="9">3423254556</marc:subfield>
   </marc:datafield>
   <marc:datafield ind1=" " ind2=" " tag="041">
      <marc:subfield code="a">ger</marc:subfield>
   </marc:datafield>
   <marc:datafield ind1=" " ind2=" " tag="300">
      <marc:subfield code="a">317 Seiten</marc:subfield>
   </marc:datafield>
</marc:record>
